000 00421nam a2200181Ia 4500
100 _aCoulouris/G/ Dollimore/J
650 _aDistributed systems
250 _a4
942 _cBK
366 _f5
654 _adistributed systems
245 _aDistributed systems:Concepts and design
260 _bPearson Education
_aMumbai
_c2009
082 _a004.6/COU
_bCOU
300 _a849
546 _aENGLISH
999 _c30011
_d30011